| 000 | 00886nam a22001815i 4500 | ||
|---|---|---|---|
| 001 | 162704 | ||
| 003 | ES-MaACL | ||
| 005 | 20230906212601.0 | ||
| 008 | 990903s1894 sp |||| | spa d | ||
| 040 |
_aCCPB | B _bspa _cCCPB | B |
||
| 100 | 1 |
_aPuig-Samper y de Maynar, Federico de. _9131422 |
|
| 245 | 1 | 0 |
_aCostumbres jurídico-catalanas _b: La Pubilla : conferencia dada en la Academia de Jurisprudencia y Legislación de Barcelona / _cpor Federico de Puig-Samper y de Maynar. |
| 260 |
_aBarcelona : _b[s.n.], _c1894 ( _fEstablecimiento Tipográfico de Jaime Jepús) |
||
| 300 |
_a31 p. ; _c26 cm. |
||
| 650 | 0 | 4 |
_aDerecho consuetudinario- _zCataluña. _911687 |
| 710 | 0 |
_aAcademia de Jurisprudencia y Legislación de Barcelona. _91182 |
|
| 852 |
_aES-MaACL _jT-820-F-6 _z-- Enc. hol., conservando la enc. original _z-- Ded. del autor al Ateneo de Madrid _z-- Enc. en un vol. facticio |
||
| 999 |
_c162704 _d162704 |
||